[Event "18th Amber Blindfold"]
[Site "Nice FRA"]
[Date "2009.03.20"]
[Round "6"]
[White "Kamsky,G"]
[Black "Kramnik,V"]
[Result "1/2-1/2"]
[WhiteElo "2725"]
[BlackElo "2759"]

1.Nf3 d5 2.g3 Nf6 3.Bg2 c6 4.O-O Bg4 5.d4 e6 6.c4 Nbd7 7.Qb3 Qb6 8.Nc3 Be7
9.Bf4 O-O 10.Rfd1 Bf5 11.c5 Qxb3 12.axb3 Bc2 13.Rdc1 Bxb3 14.Nd2 Bc4 15.Nxc4 dxc4
16.Na4 Nd5 17.Rxc4 b5 18.cxb6 axb6 19.Rcc1 Rfc8 20.Nc3 Rxa1 21.Rxa1 Nxf4
22.gxf4 Nf6 23.Ra6 Bd8 24.Bf3 Kf8 25.e3 Nd5 26.Ne4 Be7 27.Nd2 c5 28.Bxd5 exd5
29.Rxb6 cxd4 30.exd4 g6 31.Nf3 f6 32.Kg2 Kf7 33.h4 h5 34.Ng1 Rc2 35.Kf3 g5
36.fxg5 fxg5 37.hxg5 Bxg5 38.Rb5 Ke6 39.Rb6+ Kf7 40.Rd6 Bf6 41.Ne2 Rxb2 42.Rxd5 h4
43.Nf4 Rd2 44.Ke3 Rd1 45.Ke4 Ke7 46.Nd3 Ra1 47.Rh5 Kf7 48.d5 Kg7 49.f3 Ra3
50.Nf4 Kf7 51.Rh7+ Kg8 52.Rb7 Bg5 53.Ne6 Bf6 54.f4 h3 55.Kf5 Bh4 56.Rg7+ Kh8
57.Rg6 Ra7 58.Rg1 Ra5 59.Ke4 h2 60.Rh1 Ra2 61.Nd4 Kg8 62.d6 Kf7 63.Nf3 Bf6
64.Kf5 Rf2 65.Nxh2 Rd2 66.Ng4 Rxd6 67.Rh6 Rd5+ 68.Ne5+ Bxe5 69.fxe5 Ra5 70.Rh7+ Kg8
71.Re7 Ra6 72.Re6 Ra1 73.Rf6 Kg7 74.Ke4 Ra4+ 75.Kd5 Ra5+ 76.Kd4 Ra4+ 77.Kd5 Ra5+
78.Ke4 Ra4+ 79.Kf5 Ra1 80.Rb6 Kf7 81.Rb7+ Ke8 82.Kf6 Re1 83.Ke6 Kf8 84.Rb8+ Kg7
85.Rd8 Re2 86.Rd5 Kf8 87.Rc5 Re1 88.Rc8+ Kg7 89.Kd6 Kf7 90.Rc7+ Ke8 91.Ke6 Kf8
92.Rf7+ Ke8 93.Rh7 Kf8 94.Rh8+ Kg7 95.Re8 Re2 96.Kd7 Rd2+ 97.Ke7 Re2 98.e6 Ra2
99.Rc8 Ra7+ 100.Kd6 Ra6+ 101.Kd7 Ra7+ 102.Rc7 Ra8 103.Ke7 Kg6 104.Rb7 Kg7
105.Rd7 Kg6 106.Rd2 Ra7+ 107.Kf8 Ra8+ 108.Ke7 Ra7+ 109.Kd6 Ra6+ 110.Ke5 Ra5+
111.Rd5 Ra1 112.Rd8 Ra5+ 113.Kd6 Ra6+ 114.Ke7 Ra7+ 115.Rd7 Ra8 116.Rd6 Kg7
117.Rc6 Ra7+ 118.Ke8 Ra8+ 119.Ke7 Ra7+ 120.Kd8 Kf8 121.Rc5 Ra8+ 122.Kd7 Ra7+
123.Kd6 Ra6+ 124.Rc6 Rxc6+ 125.Kxc6 Ke7 126.Kd5 Ke8 127.Kd6 Kd8 128.e7+ Ke8
129.Ke6  1/2-1/2

[Event "TCh-AUT 1st Bundesliga 2008-9"]
[Site "Ansfelden AUT"]
[Date "2009.03.21"]
[Round "10"]
[White "Humer,W"]
[Black "Hartl,D"]
[Result "0-1"]
[WhiteElo "2232"]
[BlackElo "2188"]

1.Nf3 d5 2.g3 Nf6 3.Bg2 Bg4 4.O-O Nbd7 5.d3 e5 6.Nbd2 Bc5 7.e4 dxe4 8.dxe4 O-O
9.Qe2 c6 10.Nc4 Qc7 11.Ne3 Bh5 12.Nf5 Rfd8 13.Bg5 h6 14.Bd2 Nf8 15.b4 Bb6
16.Rad1 Ne6 17.c3 a5 18.a3 axb4 19.axb4 Ra2 20.Qc4 Bxf3 21.Qxa2 Bxd1 22.Rxd1 Ng4
23.Rf1 Qd7 24.Be1 Qd3 25.Kh1 Nc7 26.c4 Ra8 27.Qb2 Qxc4 28.Nd6 Qe6 29.Nxb7 Rb8
30.Bh3 Rxb7 31.Qe2 h5  0-1

[Event "47th XtraCon TCh-DEN 2008-9"]
[Site "Denmark DEN"]
[Date "2009.03.21"]
[Round "8"]
[White "Ost Hansen,J"]
[Black "Kristensen,Kaa"]
[Result "1/2-1/2"]
[WhiteElo "2384"]
[BlackElo "2244"]

1.g3 d5 2.Nf3 Nc6 3.d4 Bg4 4.Bg2 Qd7 5.Bf4 O-O-O 6.h3 Bf5 7.c3 f6 8.h4 g6
9.Nbd2 Bg7 10.b4 e5 11.Be3 e4 12.Ng1 Nh6 13.Bxh6 Bxh6 14.e3 Kb8 15.Nb3 Qd6
16.Ne2 Bg4 17.Qd2 Ne7 18.a4  1/2-1/2

[Event "Spring Open"]
[Site "Belgrade SRB"]
[Date "2009.03.22"]
[Round "2"]
[White "Mihajlovic,M"]
[Black "Vujosevic,D"]
[Result "0-1"]
[WhiteElo "2183"]
[BlackElo "1966"]

1.Nf3 d5 2.g3 b6 3.Bg2 Bb7 4.O-O Nd7 5.d3 e5 6.c3 Be7 7.a4 Ngf6 8.a5 O-O
9.a6 Bc6 10.Nbd2 Rc8 11.b4 Ba8 12.Qb3 c6 13.e4 Qc7 14.c4 dxe4 15.dxe4 c5
16.b5 Nxe4 17.Nxe4 Bxe4 18.Re1 Bg6 19.Bh3 Rcd8 20.Bxd7 Rxd7 21.Nxe5 Rd4 22.Bb2 Re4
23.Qf3 Rxe1+ 24.Rxe1 Bd6 25.Ng4 f6 26.Re6 Be7 27.Qb7 Qxb7 28.axb7 Kf7 29.Rc6 Rb8
30.Rc7 Be4 31.f4 Rxb7 32.Rxb7 Bxb7 33.Kf2 a6 34.Ne3 axb5 35.cxb5 Ke6 36.g4 Bd6
37.f5+ Kf7 38.h4 Be4 39.Nc4 Bc7 40.Ke3 Bc2 41.Kd2 Ba4 42.Na3 Bf4+ 43.Kd3 Bd1
44.Ke4 Bc7 45.g5 Be2 46.Bc1 Be5 47.Ke3 Bf1 48.h5 fxg5 49.Kf2 Bd3 50.Bxg5 Bb2
51.Ke3 Bxf5  0-1

[Event "TOP 16 GpB"]
[Site "Cannes FRA"]
[Date "2009.03.22"]
[Round "3"]
[White "Perez,Fl"]
[Black "Prie,E"]
[Result "0-1"]
[WhiteElo "2276"]
[BlackElo "2489"]

1.Nf3 d5 2.g3 Bg4 3.Bg2 Nd7 4.d3 e6 5.O-O Bd6 6.Nbd2 Ne7 7.e4 O-O 8.h3 Bh5
9.Re1 c5 10.Qe2 Nc6 11.c3 b5 12.a4 bxa4 13.Rxa4 a5 14.g4 Bg6 15.h4 Nb6 16.Ra1 f5
17.gxf5 exf5 18.e5 Nxe5 19.Nxe5 Bxe5 20.Qxe5 Re8 21.Qxe8+ Bxe8 22.Nb3 Qxh4
23.Nxc5 Bf7 24.Be3 Re8 25.Bd4 Rxe1+ 26.Rxe1 f4 27.Re5 h6 28.Bf3 g5 29.Ne6 Nd7
30.Re1 Qh3 31.Bg2 Qf5 32.Ng7 Qxd3 33.Re7 Nc5 34.Ne8 Ne4 35.Bxe4 dxe4 36.Nf6+ Kf8
37.Rxe4 Qb1+ 38.Kh2 Bd5 39.Nd7+ Kf7 40.Ne5+ Ke6  0-1

[Event "4NCL 2008-9"]
[Site "Hinckley Island ENG"]
[Date "2009.03.22"]
[Round "8"]
[White "Ledger,A"]
[Black "Kafka,G"]
[Result "1-0"]
[WhiteElo "2431"]
[BlackElo "2104"]

1.Nf3 d5 2.g3 Nf6 3.Bg2 Bf5 4.b3 h6 5.Bb2 e6 6.d3 Be7 7.Nbd2 Bh7 8.O-O Nbd7
9.c4 c6 10.a3 a5 11.Bc3 O-O 12.Qc2 Qc7 13.Qb2 Rfc8 14.b4 axb4 15.axb4 b5
16.Rxa8 Rxa8 17.cxb5 cxb5 18.Nb3 Nb6 19.Be5 Na4 20.Qd2 Qb7 21.Na5 Qa6 22.Rc1 Rc8
23.Rxc8+ Qxc8 24.Nd4 Nd7 25.Ndc6 Bf8 26.Bf4 Qe8 27.g4 e5 28.Bg3 Qe6 29.e3 Nab6
30.Qe2 Bd6 31.d4 Nc4 32.h3 Nxa5 33.bxa5 Ba3 34.Qxb5 exd4 35.Nxd4  1-0

[Event "4NCL 2008-9"]
[Site "Hinckley Island ENG"]
[Date "2009.03.22"]
[Round "8"]
[White "McNab,C"]
[Black "Ward,C"]
[Result "1/2-1/2"]
[WhiteElo "2473"]
[BlackElo "2426"]

1.Nf3 d5 2.g3 c5 3.Bg2 Nc6 4.d4 cxd4 5.Nxd4 Qb6 6.Nb3 Nf6 7.O-O Bf5 8.Be3 Qc7
9.Nc3 Rd8 10.Nd4 Nxd4 11.Qxd4 a6 12.Bf4 Qc6 13.Rad1 e6 14.e4 Bc5 15.exd5 Bxd4
16.dxc6 bxc6 17.Bxc6+ Ke7 18.Bc7 Rc8 19.Rxd4 Rxc7 20.Ba4 Rb8 21.Nd1  1/2-1/2

[Event "25th Spring Festival"]
[Site "Budapest HUN"]
[Date "2009.03.23"]
[Round "4"]
[White "Berczes,C"]
[Black "To,N"]
[Result "1-0"]
[WhiteElo "2383"]
[BlackElo "2356"]

1.Nf3 d5 2.g3 Nf6 3.Bg2 c6 4.O-O Bg4 5.d3 Nbd7 6.c4 e6 7.cxd5 exd5 8.Nc3 Bc5
9.Qb3 Bb6 10.Na4 O-O 11.Nxb6 axb6 12.Qc2 Nc5 13.b3 Ne6 14.Bb2 Bxf3 15.Bxf3 d4
16.e4 dxe3 17.fxe3 Nd5 18.Qe2 Re8 19.Bh5 g6 20.e4 Nb4 21.a3 Nxd3 22.Rad1 Nec5
23.Bf3 Qe7 24.Rxd3 Nxd3 25.Qxd3 Qc5+ 26.Kh1 Red8 27.Qe2 Qg5 28.Bc1 Qe5 29.Bg2 Rd7
30.Bb2 Qe6 31.Qe3 Rf8 32.Bf6 Rd6 33.e5 Qe8 34.Qh6  1-0

[Event "Open A"]
[Site "Zagreb CRO"]
[Date "2009.03.23"]
[Round "3"]
[White "Kostrun,S"]
[Black "Franic,M"]
[Result "1-0"]
[WhiteElo "2306"]
[BlackElo "2406"]

1.Nf3 d5 2.g3 c5 3.Bg2 Nc6 4.d4 e6 5.O-O Nf6 6.b3 Be7 7.Bb2 O-O 8.Nbd2 b6
9.c4 Bb7 10.Rc1 Rc8 11.dxc5 bxc5 12.cxd5 exd5 13.Bxf6 gxf6 14.Nh4 Qd7 15.e3 Ba6
16.Qh5 Ne5 17.Rfd1 Rcd8 18.Nf5 Kh8 19.Nc4 Bb7 20.Nxe5 fxe5 21.Bxd5 Bxd5 22.e4 Bxe4
23.Rxd7 Rxd7 24.Nxe7 Rxe7 25.Qh6 Rfe8 26.Qf6+ Kg8 27.Rc4 Re6 28.Qg5+ Rg6
29.Qd2 Bf3 30.Rxc5 h6 31.Qc3 e4 32.Rc8 Re6 33.h3 h5 34.g4 hxg4 35.hxg4 a6
36.Rxe8+ Rxe8 37.g5 Re6 38.Kh2 Rg6 39.Qe5 Re6 40.Qb8+ Kg7 41.Kg3 Be2 42.Qd8 Bb5
43.a4 Bc6 44.Kf4 Be8 45.Qd4+ Kh7 46.Qa1 Bc6 47.Qc3 Be8 48.Qc2 Kg8 49.b4 Bc6
50.Qb3 Be8 51.b5 axb5 52.axb5 Rb6 53.g6 Rxg6 54.b6 Rf6+ 55.Ke5 Re6+ 56.Qxe6  1-0

[Event "Spring Open"]
[Site "Belgrade SRB"]
[Date "2009.03.24"]
[Round "4"]
[White "Grubisic,Il"]
[Black "Jevtic,Mir"]
[Result "1/2-1/2"]
[WhiteElo "2265"]
[BlackElo "2164"]

1.Nf3 d5 2.g3 g6 3.Bg2 Bg7 4.O-O c6 5.d3 Nf6 6.Nbd2 O-O 7.e4 dxe4 8.dxe4 Nbd7
9.Qe2 e5 10.Nc4 Qc7 11.Rd1 b5 12.Nd6 Ne8 13.Nxc8 Rxc8 14.Bh3 Rd8 15.Bg5 Nef6
16.Qe3 Rfe8 17.Nd2 Nf8 18.c4 Ne6 19.Bxe6 Rxe6 20.c5 h6 21.Bxf6 Rxf6 22.Nb3 Re6
23.Rd3 Re7 24.Rad1 Red7 25.Rxd7 Rxd7 26.Rxd7 Qxd7  1/2-1/2

[Event "25th Spring Festival"]
[Site "Budapest HUN"]
[Date "2009.03.25"]
[Round "6"]
[White "Mihajlova,D"]
[Black "Kiss,Pe2"]
[Result "0-1"]
[WhiteElo "1552"]
[BlackElo "1532"]

1.Nf3 d5 2.g3 Nf6 3.Bg2 Bf5 4.O-O e6 5.d3 c5 6.b3 Nc6 7.Nbd2 Be7 8.Bb2 O-O
9.Nh4 Bg4 10.Ndf3 Nd7 11.Bh1 Nb6 12.Qd2 Rc8 13.Rfe1 Qd7 14.Qf4 Bxf3 15.Nxf3 Nb4
16.Qg4 f6 17.Rec1 c4 18.Bd4 cxb3 19.axb3 Nxc2 20.Rab1 Nxd4 21.Nxd4 e5 22.Qxd7 Nxd7
23.Bxd5+ Kh8 24.Ne6 Rfe8 25.Bxb7 Rxc1+ 26.Rxc1 Ba3 27.Rc6 Kg8 28.Ra6 Bb4
29.Bd5 Kh8 30.Rxa7 Nb6 31.Bc6 Rxe6 32.Bd5 Re8 33.Be4 Bd6 34.Ra1 Kg8 35.Rc1 Rc8
36.Rb1 g6 37.b4 Na4 38.b5 Nc3 39.Rb2 Nxe4 40.dxe4 Rb8 41.f3 Kf7 42.Kf2 Ke7
43.Ke3 Bc5+ 44.Kd3 Bd4 45.Rb3 Kd6 46.e3 Ba7 47.Ra3 Bb6 48.Rc3 Bc5 49.Kc4 Bb6
50.Rd3+ Ke6 51.Kb4 Rc8 52.f4 Rc1 53.g4 Bc5+ 54.Kb3 Re1 55.f5+ Ke7 56.Kc4 Rxe3
57.Rd1 Bb6 58.Kd5 Rc3  0-1

[Event "Battle of the GMs"]
[Site "Dapitan PHI"]
[Date "2009.03.26"]
[Round "4"]
[White "Dableo,R"]
[Black "Torre,E"]
[Result "0-1"]
[WhiteElo "2432"]
[BlackElo "2560"]

1.g3 d5 2.Nf3 c6 3.Bg2 Bg4 4.O-O Nd7 5.d3 e5 6.h3 Bh5 7.e4 dxe4 8.dxe4 Ngf6
9.Nbd2 Be7 10.Qe1 O-O 11.Nh4 Re8 12.Kh2 Nc5 13.f3 Nfd7 14.Nf5 Bf8 15.b3 f6
16.Bb2 Bf7 17.a4 a5 18.Qe2 g6 19.Ne3 Ne6 20.h4 Nd4 21.Qd1 Nc5 22.Rf2 Qc7
23.Ng4 Bg7 24.f4 Rad8 25.fxe5 fxe5 26.Ba3 Qe7 27.Bf1 Be6 28.Ne3 Rf8 29.Qe1 Bh6
30.Bd3 Rxf2+ 31.Qxf2 Nxd3 32.cxd3 Qf7 33.Qxf7+ Bxf7 34.Ndc4 Nxb3 35.Rd1 b5
36.Ng4 Bxc4 37.Nxh6+ Kg7 38.Ng4 Rxd3 39.Rxd3 Bxd3 40.Nxe5 Bxe4 41.Bb2 Kf8
42.Nd7+ Ke7 43.Nf6 Bd3 44.Nxh7 b4 45.Bf6+ Kd6 46.Bd8  0-1

[Event "Open"]
[Site "Reykjavik ISL"]
[Date "2009.03.26"]
[Round "3"]
[White "Bjarnason,S"]
[Black "Magnusson,P"]
[Result "1/2-1/2"]
[WhiteElo "2211"]
[BlackElo "1902"]

1.Nf3 d5 2.g3 Nf6 3.Bg2 c6 4.O-O Bf5 5.d3 e6 6.Nbd2 Bd6 7.Re1 Nbd7 8.e4 Bg4
9.h3 Bxf3 10.Nxf3 Qc7 11.Qe2 dxe4 12.dxe4 e5 13.Be3 O-O 14.Rad1 Bc5 15.Bc1 Rfd8
16.c3 a5 17.Nh4 b5 18.Nf5 g6 19.Ne3 Nf8 20.a4 b4 21.Nc4 Ne6 22.Kh2 Be7 23.Rxd8+  1/2-1/2

[Event "Open B"]
[Site "Zagreb CRO"]
[Date "2009.03.26"]
[Round "6"]
[White "Petrovic,Zv"]
[Black "Hudolin,K"]
[Result "1-0"]
[WhiteElo "2256"]
[BlackElo "2065"]

1.Nf3 d5 2.g3 Nf6 3.Bg2 c6 4.O-O Bf5 5.d3 e6 6.Nbd2 Nbd7 7.b3 Qa5 8.Bb2 Ba3
9.Qc1 Bxb2 10.Qxb2 O-O 11.b4 Qc7 12.c4 a5 13.b5 dxc4 14.Nxc4 a4 15.Nd4 c5
16.b6 Qb8 17.Nb5 Ra6 18.Nc7 Nxb6 19.Nxa6 Nxc4 20.Qxb7 Qxb7 21.Bxb7 Nb2 22.a3 c4
23.Ra2 c3 24.Rc1  1-0

[Event "Spring Open"]
[Site "Belgrade SRB"]
[Date "2009.03.27"]
[Round "6"]
[White "Tausanov,M"]
[Black "Korbovljanovic,N"]
[Result "1-0"]
[WhiteElo "1931"]
[BlackElo "1737"]

1.g3 d5 2.Nf3 Bg4 3.Bg2 Nf6 4.c4 c6 5.cxd5 Nxd5 6.O-O e6 7.Nc3 Nd7 8.d4 Be7
9.e4 N5f6 10.Qb3 Qb6 11.Qa4 O-O 12.d5 Nc5 13.Qc4 Rfd8 14.dxc6 Qxc6 15.Ne5 Qa6
16.Qxa6 Nxa6 17.Nxg4 Nxg4 18.a3 Nc5 19.b4 Nb3 20.Rb1 Nxc1 21.Rbxc1 a5 22.bxa5 Bxa3
23.Rcd1 Rxd1 24.Rxd1 Bc5 25.Rd7 b6 26.a6 Rxa6 27.Rd8+ Bf8 28.Bh3 Ne5 29.Nb5 Ra1+
30.Kg2 g5 31.f4 Ra2+ 32.Kf1 gxf4 33.gxf4 Nf3 34.Nc7 Nd2+ 35.Ke1 Nxe4 36.Bxe6 Ra7
37.Bf5 Rxc7 38.Bxe4 Re7  1-0

[Event "Kaissa Men"]
[Site "Kharkiv UKR"]
[Date "2009.03.27"]
[Round "9"]
[White "Potapov,Alexe"]
[Black "Arzumanian,G"]
[Result "1-0"]
[WhiteElo "2316"]
[BlackElo "2504"]

1.Nf3 d5 2.g3 Bg4 3.Bg2 Nd7 4.c4 e6 5.cxd5 exd5 6.d4 Ngf6 7.Nc3 c6 8.h3 Bh5
9.Qb3 Qb6 10.O-O Bd6 11.Qd1 O-O 12.g4 Bg6 13.Nh4 Rfe8 14.Nxg6 hxg6 15.Qd3 Nf8
16.f4 Rad8 17.e3 Bb8 18.g5 N6d7 19.b4 Qxb4 20.Rb1 Qe7 21.Rxb7 Nc5 22.Rxe7 Nxd3
23.Rxe8 Rxe8 24.Bd2 Nb2 25.Rb1 Nc4 26.Bc1 Bc7 27.Kf2 Rb8 28.Rxb8 Bxb8 29.Bf1 Nd6
30.Ba3 Ne6 31.Bd3 Kf8 32.Na4 Ke8 33.Nc5 Nxc5 34.Bxc5 Kd7 35.Kf3 Ke6 36.a4 Kd7
37.a5 Ke6 38.a6 Kd7 39.h4 Ke8 40.Kg4 Kd8 41.h5 gxh5+ 42.Kxh5 Kd7 43.g6 f6
44.Kg4 Ke7 45.f5 Ke8 46.Kf3 Kd7 47.e4 dxe4+ 48.Bxe4 Kc7 49.Bd3 Kd7 50.Kg4 Ke8
51.Bb1 Kd7 52.Ba2 Ke8 53.Be6 Kd8 54.Kf3 Kc7 55.Ke3 Kd8 56.Ke2 Ke8 57.Kd3 Nb5
58.Bf7+ Kd7 59.Bf8 Bf4 60.Be6+ Ke8 61.Bxg7  1-0

[Event "Open A"]
[Site "Zagreb CRO"]
[Date "2009.03.27"]
[Round "7"]
[White "Kostrun,S"]
[Black "Brumen,D"]
[Result "1/2-1/2"]
[WhiteElo "2306"]
[BlackElo "2359"]

1.Nf3 d5 2.g3 c6 3.Bg2 Bf5 4.O-O Nf6 5.c4 e6 6.cxd5 exd5 7.d3 Be7 8.Qb3 Qb6
9.Qc2 O-O 10.Nc3 h6 11.e4 Bh7 12.Nh4  1/2-1/2

[Event "TCh-NED 2008-9"]
[Site "Netherlands NED"]
[Date "2009.03.28"]
[Round "7"]
[White "Lanchava,T"]
[Black "Van Wessel,R"]
[Result "1-0"]
[WhiteElo "2358"]
[BlackElo "2307"]

1.Nf3 d5 2.g3 c6 3.Bg2 Bg4 4.d4 e6 5.O-O Bxf3 6.Bxf3 f5 7.Bg2 Bd6 8.f3 Qb6
9.c4 dxc4 10.Kh1 Ne7 11.Qc2 Qa6 12.Nd2 b5 13.b3 Nd5 14.Nb1 O-O 15.bxc4 bxc4
16.e4 Nb4 17.Qc3 Nd7 18.Nd2 Nb6 19.a4 N6d5 20.exd5 cxd5 21.Re1 Kf7 22.Bf1 Rab8
23.Re3 Nc6 24.Nxc4 dxc4 25.Bxc4 Qb7 26.Rxe6  1-0

[Event "Genset Cup"]
[Site "Szombathely HUN"]
[Date "2009.03.28"]
[Round "3"]
[White "Rachela,M"]
[Black "Kantorik,M"]
[Result "1/2-1/2"]
[WhiteElo "2380"]
[BlackElo "2356"]

1.Nf3 d5 2.g3 Nf6 3.Bg2 c5 4.O-O Nc6 5.d4 e6 6.c4 dxc4 7.Ne5 Nxe5 8.dxe5 Nd7
9.f4 Rb8 10.a4 b6 11.Na3 Bb7 12.e4 Be7 13.Nxc4 Ba6 14.Qc2 O-O 15.Rd1 Bxc4
16.Qxc4 Qc8 17.Bh3 Kh8 18.Bf1 Rd8 19.Bd2 Nf8 20.Bc3 Qc7 21.Rxd8 Rxd8 22.a5 Qb7
23.Re1 Qc7 24.Qa4 Nd7 25.Ra1 Kg8 26.Bb5 bxa5 27.Qxa5 Qb7 28.Qa4 c4 29.Qxc4 Nc5
30.Re1 a6 31.Ba4 Nxa4 32.Qxa4 h5 33.Qc4 h4 34.Kg2 Rc8 35.Qd3 Rd8 36.Qf3 hxg3
37.hxg3 Bb4 38.Kh3 a5 39.Rd1 Rxd1 40.Qxd1 Qxe4  1/2-1/2

[Event "Spring Open"]
[Site "Belgrade SRB"]
[Date "2009.03.29"]
[Round "7"]
[White "Svetac,N"]
[Black "Dimitrijevic,R"]
[Result "1/2-1/2"]
[WhiteElo "2322"]
[BlackElo "2218"]

1.Nf3 d5 2.g3 c5 3.Bg2 Nc6 4.c4 e6 5.O-O Nf6 6.cxd5 exd5 7.d4 Be7 8.Nc3 O-O
9.b3 Ne4 10.Bb2 Bf6 11.Rc1 Nxd4 12.Nxd4 Bxd4 13.Nxe4 Bxb2 14.Rc2 dxe4 15.Rxb2 Qe7
16.Qd5 Re8 17.Rc2 Bg4 18.f3 exf3 19.exf3 Be6 20.Qxc5 Qxc5+ 21.Rxc5 Rac8  1/2-1/2

[Event "Open"]
[Site "Reykjavik ISL"]
[Date "2009.03.30"]
[Round "7"]
[White "Carlhammar,M"]
[Black "Bhat,V"]
[Result "0-1"]
[WhiteElo "2350"]
[BlackElo "2495"]

1.Nf3 d5 2.g3 c6 3.Bg2 Bg4 4.c4 e6 5.cxd5 exd5 6.O-O Nf6 7.Qb3 Qb6 8.Qc2 Be7
9.d3 O-O 10.Nc3 Nbd7 11.h3 Bxf3 12.Bxf3 Ne5 13.Bg2 Nh5 14.Na4 Qd8 15.Nc5 Qc8
16.d4 Ng6 17.e4 dxe4 18.Nxe4 Rd8 19.Rd1 Nf6 20.Nc3 Qc7 21.Be3 Rd7 22.Rac1 Rad8
23.Qa4 Qb8 24.d5 c5 25.Qb5 b6 26.a4 h5 27.Qc4 h4 28.g4 Bd6 29.Ne2 Re8 30.Rd2 Rde7
31.Bg5 Ne4 32.Bxe7 Bh2+ 33.Kh1 Nxf2+  0-1

[Event "Spring Open"]
[Site "Belgrade SRB"]
[Date "2009.03.31"]
[Round "9"]
[White "Marinovic,B"]
[Black "Damjanovic,D"]
[Result "1-0"]
[WhiteElo "2395"]
[BlackElo "2229"]

1.Nf3 d5 2.g3 c6 3.Bg2 Bg4 4.d3 Nd7 5.h3 Bh5 6.g4 Bg6 7.Nh4 e6 8.Nxg6 hxg6
9.Nd2 Bd6 10.Nf3 Ne5 11.e3 Nxf3+ 12.Qxf3 Nf6 13.Qe2 Nd7 14.Bd2 Be5 15.O-O-O Qb6
16.d4 Bf6 17.f4 Qb5 18.Qxb5 cxb5 19.c3 Nb6 20.e4 O-O-O 21.e5 Bh4 22.Kc2 Rd7
23.Kd3 Kb8 24.Rhf1 a6 25.b3 Rc8 26.f5 gxf5 27.gxf5 Rdc7 28.fxe6 fxe6 29.Bf3 Rc6
30.Bg4 Be7 31.Rf7 Ba3 32.Rb1 a5 33.Rff1 R8c7 34.h4 b4 35.cxb4 axb4 36.Rf8+ Ka7
37.Re8 Rc2 38.Rxe6 Rxa2 39.Bd1 Nc4 40.bxc4 dxc4+ 41.Ke3 c3 42.Be1  1-0

[Event "FSFMB April"]
[Site "Budapest HUN"]
[Date "2009.04.05"]
[Round "2"]
[White "Mihajlova,D"]
[Black "Burgisser,C"]
[Result "1/2-1/2"]
[WhiteElo "1553"]
[BlackElo "1741"]

1.Nf3 d5 2.g3 Nf6 3.Bg2 Bf5 4.O-O e6 5.d3 Bc5 6.Nbd2 Nbd7 7.d4 Bb6 8.c4 c6
9.c5 Bc7 10.b4 a5 11.b5 cxb5 12.Qb3 b4 13.Qa4 O-O 14.Nh4 Rb8 15.Nxf5 exf5
16.Qb3 Re8 17.Re1 Nf8 18.a3 Ne6 19.Nf3 b6 20.c6 Bd6 21.Bg5 Nxg5 22.Nxg5 h6
23.Nf3 bxa3 24.Ne5 Bxe5 25.dxe5 Rxe5 26.Rxa3 Ne4 27.f4 Re6 28.Rc1 Rc8 29.Bxe4 dxe4
30.Qb5 Rd6 31.Rac3 Rd1+ 32.Rxd1 Qxd1+ 33.Kg2 Qd2 34.Qxf5 Qxe2+ 35.Kh3 Rc7
36.Qe5 g5 37.Qxc7 Qh5+ 38.Kg2 Qe2+ 39.Kh3  1/2-1/2

[Event "ch-DEN"]
[Site "Silkeborg DEN"]
[Date "2009.04.05"]
[Round "2"]
[White "Jacobsen,Bo"]
[Black "Boje,T"]
[Result "1-0"]
[WhiteElo "2325"]
[BlackElo "2018"]

1.Nf3 d5 2.g3 Nf6 3.Bg2 c6 4.b3 Bg4 5.Bb2 Nbd7 6.d3 e6 7.Nbd2 Be7 8.O-O O-O
9.h3 Bh5 10.Rb1 Qc7 11.e3 Rfd8 12.Qe2 a5 13.a3 Ne8 14.e4 dxe4 15.dxe4 Bf6
16.g4 Bxb2 17.Rxb2 Bg6 18.e5 Nb6 19.Nh4 Nd5 20.Nxg6 hxg6 21.Qe4 Qe7 22.a4 Rd7
23.c4 Nb4 24.Nf3 Rad8 25.h4 Nc7 26.h5 gxh5 27.gxh5 Nca6 28.Qg4 Nc5 29.Ng5 Rd4
30.f4 Nbd3 31.Re2 Nd7 32.Be4 Nf8 33.Rg2 f5 34.exf6 Qxf6 35.f5 Ne5 36.Qg3 Rd1
37.Rf2 Rxf1+ 38.Rxf1 Ned7 39.fxe6 Qd4+ 40.Kh2 Nf6 41.e7 Re8 42.exf8=Q+ Rxf8
43.Ne6 Qb2+ 44.Kg1 Rf7 45.Qb8+  1-0

[Event "11th European Senior Team"]
[Site "Velden AUT"]
[Date "2009.04.05"]
[Round "1"]
[White "Ager,J"]
[Black "Rodriguez Vargas,O"]
[Result "0-1"]
[WhiteElo "2223"]
[BlackElo "2406"]

1.Nf3 d5 2.g3 c6 3.Bg2 Bg4 4.c4 e6 5.Qc2 Nf6 6.b3 Nbd7 7.O-O Bd6 8.Ba3 c5
9.d3 O-O 10.Nbd2 Qe7 11.Rfe1 d4 12.Rab1 Rab8 13.Ng5 a5 14.e3 dxe3 15.fxe3 b6
16.Nge4 Nxe4 17.Nxe4 Bc7 18.d4 h5 19.Nf2 Bf5 20.e4 Bg6 21.Qe2 h4 22.Qg4 hxg3
23.hxg3 a4 24.Rbd1 axb3 25.axb3 Ra8 26.Bb2 Ra2 27.Nd3 cxd4 28.Bxd4 Rd8 29.Nf4 Nf8
30.Bc3 Qc5+ 31.Kh1 Rc2 32.Rxd8 Bxd8 33.Qf3 Bf6 34.Bxf6 gxf6 35.Nxg6 Nxg6
36.Qxf6 Qe5 37.Qxe5 Nxe5 38.Bf1 Rb2 39.Re3 Ng4 40.Re1 Rxb3 41.Kg2 Kg7 42.Kh3 Ne3
43.Bg2 Nxc4 44.Rc1 Na5 45.Rc8 b5 46.Bf1 b4 47.Rb8 Kf6  0-1

[Event "16th TCh-RUS Premier"]
[Site "Dagomys RUS"]
[Date "2009.04.06"]
[Round "3"]
[White "Malakhov,V"]
[Black "Vitiugov,N"]
[Result "1-0"]
[WhiteElo "2709"]
[BlackElo "2688"]

1.Nf3 d5 2.g3 c6 3.Bg2 Bg4 4.O-O Nd7 5.d3 Ngf6 6.Nbd2 e5 7.e4 Bd6 8.h3 Bh5
9.g4 Bg6 10.Nh4 O-O 11.Nf5 Bc7 12.Nb3 h6 13.Qf3 a5 14.a4 Re8 15.g5 hxg5 16.Bxg5 Qb8
17.h4 Bd8 18.Bh3 Nf8 19.Kh1 N6h7 20.Bd2 Bxf5 21.Bxf5 Bxh4 22.exd5 cxd5 23.Qxd5 Bg5
24.Bxh7+ Nxh7 25.Bxg5 Nxg5 26.f4 Nh7 27.fxe5 Ra6 28.Rxf7 Kh8 29.Re1 Rh6+
30.Kg1 Ng5 31.Rf5 Nh3+ 32.Kf1 Qc8 33.e6 Qxc2 34.e7 Qc8 35.Qc5 Qd7 36.Rf8+ Kh7
37.Qf5+ Qxf5+ 38.Rxf5 Kg8 39.Nxa5 g6 40.Rf6 Kg7 41.Rd6 Kf7 42.Rd7 Nf4 43.Re4 Ne6
44.Nxb7  1-0

[Event "11th European Senior Team"]
[Site "Velden AUT"]
[Date "2009.04.06"]
[Round "2"]
[White "Liebert,H"]
[Black "Donchenko,An"]
[Result "0-1"]
[WhiteElo "2250"]
[BlackElo "2378"]

1.Nf3 d5 2.g3 Nf6 3.Bg2 c6 4.O-O Bf5 5.d3 e6 6.Nbd2 h5 7.b3 Be7 8.Bb2 O-O
9.e3 a5 10.a4 Bh7 11.Qe2 Na6 12.Ne5 Nb4 13.Rfc1 Nd7 14.f4 Nxe5 15.Bxe5 Bf6
16.Nf3 Bxe5 17.Nxe5 f6 18.Nf3 Qe7 19.d4 Rfe8 20.c3 Nd3 21.Rd1 e5 22.dxe5 fxe5
23.fxe5 Nxe5 24.Nd4 Nf7 25.Re1 Be4 26.Rac1 Rad8 27.c4 Bxg2 28.Qxg2 Ne5 29.cxd5 Nd3  0-1

[Event "11th European Senior Team"]
[Site "Velden AUT"]
[Date "2009.04.06"]
[Round "2"]
[White "Pitt,W"]
[Black "Puff,L"]
[Result "0-1"]
[WhiteElo "2056"]
[BlackElo "2032"]

1.Nf3 d5 2.g3 Nf6 3.Bg2 e6 4.O-O c5 5.d3 Nc6 6.Nbd2 Be7 7.e4 O-O 8.Re1 Qc7
9.b3 b6 10.Bb2 Bb7 11.a3 d4 12.a4 e5 13.Nc4 Nd7 14.Bh3 Bc8 15.Bc1 h6 16.Bd2 a6
17.Kg2 g5 18.Ng1 Nf6 19.Bxc8 Raxc8 20.Qf3 b5 21.axb5 axb5 22.Na3 Rb8 23.h4 g4
24.Qf5 Kg7 25.f3 Qc8 26.fxg4 Nxg4 27.Qh5 Rh8 28.Rf1 Qe6 29.Ne2 Qg6 30.Qf5 Qxf5
31.Rxf5 h5 32.Raf1 f6 33.Nb1 Ra8 34.Rc1 Ra2 35.Rf3 Rha8 36.Ng1 Rb2 37.Kh3 Raa2
38.Rff1 Rxc2 39.Rxc2 Rxc2 40.Nf3 Rb2 41.b4 Nxb4 42.Nh2 Nxh2 43.Kxh2 Nxd3
44.g4 hxg4 45.Kg3 c4 46.Kxg4 b4 47.Kf5 Kf7 48.h5 Bf8 49.Rg1 c3 50.Rg6 Rxb1
51.Rxf6+ Kg8 52.Rg6+ Kh7 53.Bg5 Rf1+ 54.Ke6 c2  0-1

[Event "10th TCh-RUS w"]
[Site "Dagomys RUS"]
[Date "2009.04.07"]
[Round "5"]
[White "Kovalevskaya,E"]
[Black "Molchanova,T"]
[Result "1/2-1/2"]
[WhiteElo "2450"]
[BlackElo "2321"]

1.Nf3 d5 2.g3 c5 3.Bg2 Nc6 4.O-O e6 5.d3 g6 6.Bg5 f6 7.Bd2 Bg7 8.e4 d4 9.e5 f5
10.Qe2 Nge7 11.Na3 O-O 12.Nc4 h6 13.h4 Qc7 14.a4 Nd5 15.Kh2 Bd7 16.Rfe1 b6
17.Ng1 Nce7 18.Nh3 Bc6 19.Rh1 Rad8 20.Kg1 h5 21.Kh2 Qd7 22.b3 Nc7 23.Rhg1 Bxg2
24.Rxg2 Ncd5 25.Bg5 Rb8 26.Nf4 Nxf4 27.gxf4 Kh7 28.Rag1 Nd5 29.Qf3 Rg8 30.Qg3 Bf8
31.Nd2 Qf7 32.Qf3 Qb7 33.Rg3 Nc3 34.Ra1 a6 35.Qxb7+ Rxb7 36.Rgg1 Nd5 37.Kg3 Kg7
38.Kf3 Kf7 39.Nc4 a5 40.Rae1 Rd7 41.Rg3 Rh8 42.Reg1 Rg8 43.Ke2 Rh8 44.Na3 Rg8
45.Kd2 Nc3 46.Ra1 Rh8 47.Rgg1 Rg8 48.Nc4 Nd5 49.Rg3 Rh8 50.Re1 Rg8 51.Kc1 Rh8
52.Nd2 Rg8 53.Kb2 Nc3 54.Nc4 Nd5 55.Rf1 Rh8 56.Kc1 Rg8 57.Kd2 Rh8 58.Ke2 Rg8
59.Kf3 Rh8 60.Na3 Nc3 61.Re1 Rg8 62.Nc4 Nd5 63.Rgg1 Rh8 64.Rg2 Rg8 65.Reg1 Rh8
66.Bf6 Rg8 67.Rg3 Bh6 68.Bg5 Bf8 69.Na3 Nc3 70.Bf6 Bh6 71.Bg5 Bf8 72.R3g2 Rh8
73.Nc4 Nd5 74.Re1 Rg8 75.Na3 Nc3 76.Nc4 Nd5  1/2-1/2

[Event "16th TCh-RUS HL"]
[Site "Dagomys RUS"]
[Date "2009.04.07"]
[Round "6"]
[White "Paveliev,A"]
[Black "Oparin,G"]
[Result "1/2-1/2"]
[WhiteElo "2391"]
[BlackElo "2257"]

1.Nf3 d5 2.g3 Nf6 3.Bg2 c6 4.O-O Bg4 5.d4 e6 6.Nbd2 Be7 7.Re1 Nbd7 8.e4 dxe4
9.Nxe4 Nxe4 10.Rxe4 Nf6 11.Re1 O-O 12.c3 Qc7 13.Qb3 Bxf3 14.Bxf3 Rad8 15.a4 a5
16.Bd2 h6 17.Rad1 Rd7 18.Re2 Rfd8 19.Rde1 Nd5 20.Bg4 Bd6 21.Qc4 Re7 22.Bf3 Nf6
23.Qb3 Red7 24.Be3 Re8 25.Kg2 Rde7 26.h4 Nd5 27.Bd2 Nf6 28.c4 Qd8 29.Bc3 Bb4
30.Rd1 Bxc3 31.bxc3 Rd7 32.Re5 Qc7 33.Rb1 Ra8 34.Re2 Re8 35.Qb6 Qxb6 36.Rxb6 Rc7
37.Reb2 Ree7 38.g4 g5 39.hxg5 hxg5 40.Re2 Kg7 41.Rb1 e5 42.Rbe1 Nd7 43.Re3 Re6
44.Rb1 Rd6 45.c5 Re6 46.Be4 exd4 47.cxd4 Nf6 48.Bf5 Ree7 49.Rxe7 Rxe7 50.Bc8 Re4
51.Rxb7 Rxd4 52.Be6 Nd5 53.Bxf7 Kf6 54.Be8 Rxg4+ 55.Kf3 Rf4+ 56.Kg3 Ne7 57.Rb6 Rxa4
58.Bxc6 Nxc6 59.Rxc6+ Kf5 60.Ra6 Ra3+  1/2-1/2